000 01016cab a2200325 4500
001 WB2942-19
008 090401t1993 xxu||||| |||| 00| 0 eng d
035 _a(Sirsi) u67597
041 _aeng
100 _aWebber, G.
245 _aFrom enforcement to self-regulation
260 _c1993
350 _a0
490 _aCSW - The Property Week
_v45(6) 11 November 1993, 60(1)
520 _aThe Government is stalling on environmental issues and by failing to implement legislation, particularly in waste disposal, is seen to be favouring self-regulation.
650 _aDEREGULATION
650 _aEC DIRECTIVES
650 _aEC LAW
650 _aENVIRONMENTAL POLICY
650 _aENVIRONMENTAL PROTECTION ACT 1990
650 _aGOVERNMENT POLICY
650 _aHAZARDOUS SUBSTANCES
650 _aLANDFILL DIRECTIVE
650 _aPCBS
650 _aWASTE DISPOSAL LICENCES
650 _aWASTE MANAGEMENT
690 _aENVIRONMENTAL AND LAND CONSULTANCY
942 _n0
948 _c04/03/1997
999 _c42302
_d42302